000 00286nam a22001097a 4500
008 240528b |||||||| |||| 00| 0 eng d
100 _aNarvane, Vishwanath
_914704
245 _aAadhunik Bhartiya Chintan
260 _aDelhi:
_bRajkamal Prakshan;
_c1967.
300 _a198p.
942 _cBK
999 _c38231
_d38231